Catàleg del Col·legi de Periodistes de Catalunya

Léxico periodístico español (Registre núm. 2689)

000 -CABECERA
Longitud fija campo de control 00549nam a2200205 a 4500
001 - NÚMERO DE CONTROL
Número de control 2689
003 - IDENTIFICADOR DEL NÚMERO DE CONTROL
Identificador del número de control CDMR
005 - FECHA Y HORA DE LA ÚLTIMA TRANSACCIÓN
Fecha y hora de la última transacción 20151026134202.0
008 - CÓDIGOS DE INFORMACIÓN DE LONGITUD FIJA
Códigos de información de longitud fija 130130s1987||||||||||||||||||||||||||||d
020 ## - NÚMERO INTERNACIONAL NORMALIZADO PARA LIBROS
Número Internacional Normalizado para Libros (ISBN) 8434482037
024 ## - OTROS IDENTIFICADORES NORMALIZADOS
Fuente del número o código DL
Número normalizado o código B328741987
040 ## - FUENTE DE LA CATALOGACIÓN
Centro catalogador de origen CDMR
Lengua de catalogación cat
Centro transcriptor CDMR
100 1# - PUNTO DE ACCESO PRINCIPAL-NOMBRE DE PERSONA
Nombre de persona Alcoba, Santiago
9 (RLIN) 2018
245 10 - MENCIÓN DE TÍTULO
Título Léxico periodístico español
260 ## - PUBLICACIÓN, DISTRIBUCIÓN, ETC. (PIE DE IMPRENTA)
Lugar de publicación, distribución, etc. Barcelona
Fecha de publicación, distribución, etc. 1987
Nombre del editor, distribuidor, etc. Ariel
300 ## - DESCRIPCIÓN FÍSICA
Extensión 362 p.
654 ## - PUNTO DE ACCESO ADICIONAL DE MATERIA - TÉRMINO DE MATERIA FACETADOS
9 (RLIN) 3158
Término principal Periodisme i llenguatge
Subdivisión de forma Exercicis pràctics
654 ## - PUNTO DE ACCESO ADICIONAL DE MATERIA - TÉRMINO DE MATERIA FACETADOS
9 (RLIN) 3772
Término principal Periodisme--Manuals d'estil
942 ## - ENTRADA DE ELEMENTOS AGREGADOS (KOHA)
Koha [por defecto] tipo de item Monografies
Fuente de clasificaión o esquema
Fons
Suprimido Perdido Estropeado No para préstamo Localización permanente Localización actual Fecha adquisición Préstamos totales Renovaciones totales Signatura completa Código de barras Fecha última consulta Fecha último préstamo Fecha del precio de reemplazo Tipo de item de Koha
        Centre de Documentació Montserrat Roig Centre de Documentació Montserrat Roig 2013-01-16 1 1 Dc 6 /29 CDMR13119731 2013-11-22 2013-11-19 2013-01-16 Monografies

Implantat amb Koha